Superfund and Brownfields in the 107th Congress.

Provides background on and analysis of brownfields program to help communities restore less seriously contaminated industrial and commercial sites with the potential for economic development. Examines hazardous waste sites cleanup program and funding, reviews Superfund issues under the Comprehensive...

Full description

Bibliographic Details
Corporate Authors: Library of Congress. Congressional Research Service, ProQuest (Firm)
Format: eBook
Language:English
Published: [Place of publication not identified] : [publisher not identified], 2001.
Series:U.S. Congressional Research.
Subjects:
Online Access:Connect to the full text of this electronic book

MARC

Tag First Indicator Second Indicator Subfields
LEADER 00000cam a22000001a 4500
001 in00003372001
006 m d f
007 cr bn mmmapmmp
008 100727s2001 dcu o f000 0 eng d
005 20260430155246.2
035 |a cis2007897799 
040 |a ProQuest  |c ProQuest  |d UtOrBLW 
043 |a n-us--- 
099 |a CRS-2001-RSI-0366 
110 2 |a Library of Congress.  |b Congressional Research Service. 
245 1 0 |a Superfund and Brownfields in the 107th Congress. 
264 1 |a [Place of publication not identified] :  |b [publisher not identified],  |c 2001. 
300 |a 1 online resource. 
336 |a text  |b txt  |2 rdacontent 
337 |a computer  |b c  |2 rdamedia 
338 |a online resource  |b cr  |2 rdacarrier 
500 |a Record is based on bibliographic data in ProQuest U.S. Congressional Research Digital Collection (last viewed July 2010). Reuse except for individual research requires license from ProQuest, LLC. 
500 |a CRS Report. 
520 |a Provides background on and analysis of brownfields program to help communities restore less seriously contaminated industrial and commercial sites with the potential for economic development. Examines hazardous waste sites cleanup program and funding, reviews Superfund issues under the Comprehensive Environmental Response, Compensation, and Liability Act, including revenue, taxes, retroactive liability, cleanup standards, and State controls, reviews brownfields program expansion efforts, and summarizes legislative action in 106th and 107th Congresses. 
500 |a Electronic resource. 
650 0 |a Federal government. 
650 0 |a Hazardous wastes. 
650 0 |a Income tax. 
655 7 |a Electronic books.  |2 local 
710 2 |a ProQuest (Firm) 
776 0 8 |i Microfiche version:   |a Library of Congress. Congressional Research Service.  |t Superfund and Brownfields in the 107th Congress 
830 0 |a U.S. Congressional Research. 
856 4 0 |u http://proxy.library.tamu.edu/login?url=https://congressional.proquest.com/congcomp/getdoc?CRDC-ID=CRS-2001-RSI-0366  |z Connect to the full text of this electronic book  |t 0 
999 |a MARS 
999 f f |s 8c361784-4c34-3c4f-9d7b-88e04831e25c  |i 86ce68e7-e2b3-3b54-a434-0333f80fe22c  |t 0 
952 f f |a Texas A&M University  |b College Station  |c Electronic Resources  |s www_evans  |d Available Online  |t 0  |e CRS-2001-RSI-0366  |h Other scheme 
998 f f |a CRS-2001-RSI-0366  |t 0  |l Available Online